000 00444nam a2200169Ia 4500
008 210719s2003 xx 000 0 und d
020 _a818571214X
041 _aeng
082 _a519.50574KAK PRAF
100 _aPRASAD (Satguru)
245 _aFundamentals of biostatistics (biometry).
260 _aDelhi
_bEmkay Publishers
_c2003
300 _a168
_bPB
365 _b30
_cRs
650 _aBiostatistics
906 _aBiostatistics biometry
999 _c213708
_d213708